[Event "Bad Harzburg op 1st"]
[Site "Bad Harzburg"]
[Date "1999.11.27"]
[Round "6.16"]
[White "Przybilke, Bernhard"]
[Black "Cuno, Thomas"]
[Result "1/2-1/2"]
[WhiteElo "1680"]
[BlackElo "1949"]
[PlyCount "194"]
[EventDate "1999.11.24"]
[EventType "swiss"]
[EventRounds "7"]
[EventCountry "GER"]
[SourceTitle "EXT 2023"]
[Source "ChessBase"]
[SourceDate "2022.10.05"]
[SourceVersion "1"]
[SourceVersionDate "2022.10.05"]
[SourceQuality "1"]

1. d4 Nf6 2. Nc3 d5 3. e3 c5 4. Nge2 Nc6 5. a3 b6 6. Ng3 e6 7. Bb5 Bb7 8. 0-0 Be7 9. Nce2 0-0 10. c3 c4 11. Ba4 a6 12. Bc2 b5 13. Kh1 h5 14. Ng1 g6 15. h3 Bd6 16. N3e2 Kg7 17. f4 Rh8 18. Nf3 Ne7 19. Kg1 Nf5 20. Qe1 Qe7 21. Bd2 Rh6 22. Ng3 Rg8 23. Nh1 Ne4 24. Bxe4 dxe4 25. Nh2 g5 26. Ng3 Kf8 27. Nxf5 exf5 28. Rf2 Rhg6 29. Qe2 gxf4 30. Kh1 fxe3 31. Bxe3 f4 32. Bxf4 Bxf4 33. Rxf4 Rxg2 34. Qxh5 e3 35. d5 e2 36. Ng4 R2xg4 37. hxg4 e1Q+ 38. Rxe1 Qxe1+ 39. Kh2 Qd2+ 40. Kg3 Bxd5 41. Qh6+ Rg7 42. Rxf7+ Bxf7 43. Qxd2 Rg6 44. Qd8+ Kg7 45. g5 Re6 46. Kf4 Rg6 47. Kf5 Re6 48. Qd4+ Kg8 49. Qd7 Rg6 50. Qd8+ Kg7 51. Ke5 Re6+ 52. Kd4 Rc6 53. Qd7 Rg6 54. Kc5 Rxg5+ 55. Kb4 Rg6 56. a4 bxa4 57. Kxa4 Kf8 58. Ka5 Kg8 59. Kb4 Rb6+ 60. Ka3 Rg6 61. Qc8+ Kg7 62. Qb7 Kg8 63. Qe4 Kg7 64. b3 cxb3 65. c4 Kf8 66. Kxb3 Re6 67. Qb7 Rg6 68. Kb4 Be8 69. Qf3+ Ke7 70. c5 Rc6 71. Qe4+ Kf7 72. Qh7+ Kf8 73. Kc4 Bf7+ 74. Kd4 Be8 75. Kd5 a5 76. Qa7 a4 77. Qh7 a3 78. Qf5+ Kg8 79. Qb1 a2 80. Qa1 Rg6 81. Kc4 Rc6 82. Kb4 Ra6 83. Kb3 Rg6 84. Qf1 Bf7+ 85. Kb2 Bd5 86. Qc1 Kh7 87. Qc2 Kg7 88. Qc3+ Kg8 89. Qe5 Rg2+ 90. Ka3 a1Q+ 91. Qxa1 Ra2+ 92. Qxa2 Bxa2 93. Kxa2 Kf7 94. Kb3 Ke6 95. Kc4 Kd7 96. Kb5 Kc7 97. c6 Kc8 1/2-1/2

[Event "Bad Harzburg op 1st"]
[Site "Bad Harzburg"]
[Date "1999.11.26"]
[Round "4.16"]
[White "Przybilke, Bernhard"]
[Black "Hase, Michael"]
[Result "0-1"]
[WhiteElo "1680"]
[BlackElo "1911"]
[PlyCount "110"]
[EventDate "1999.11.24"]
[EventType "swiss"]
[EventRounds "7"]
[EventCountry "GER"]
[SourceTitle "EXT 2023"]
[Source "ChessBase"]
[SourceDate "2022.10.05"]
[SourceVersion "1"]
[SourceVersionDate "2022.10.05"]
[SourceQuality "1"]

1. d4 Nf6 2. Nf3 d5 3. Bg5 Ne4 4. Bf4 g6 5. c3 Bg7 6. Nbd2 Nxd2 7. Nxd2 0-0 8. g3 c6 9. Bg2 Nd7 10. Nb3 e5 11. dxe5 Nxe5 12. Bxe5 Bxe5 13. 0-0 Bg4 14. Qd2 Re8 15. e3 Qc7 16. Rac1 Rad8 17. Nc5 h5 18. Nd3 Bd6 19. Ne1 Qe7 20. Nc2 Bc5 21. Rfe1 Qf6 22. b4 Bb6 23. a4 a6 24. a5 Ba7 25. Nd4 Bb8 26. Qc2 Bd6 27. Ra1 Kg7 28. e4 dxe4 29. Rxe4 Rxe4 30. Qxe4 Be5 31. Re1 Bxd4 32. cxd4 Rxd4 33. Qc2 Rxb4 34. Qd2 Rb2 35. Qe3 Be6 36. h4 Rb3 37. Qc5 Qc3 38. Qe5+ Qxe5 39. Rxe5 Rb1+ 40. Kh2 Kf6 41. Rc5 Ke7 42. Be4 Rb5 43. Rc2 Rxa5 44. Rd2 Ra2 45. Rd1 Rxf2+ 46. Kg1 Rb2 47. Rc1 Kd6 48. Bf3 Bd5 49. Rd1 a5 50. Rd3 a4 51. Bd1 b5 52. g4 hxg4 53. Kf1 Kc5 54. Re3 Kb4 55. Bxg4 a3 0-1

[Event "Bad Harzburg op 1st"]
[Site "Bad Harzburg"]
[Date "1999.11.25"]
[Round "2.15"]
[White "Przybilke, Bernhard"]
[Black "Heber, Gernot"]
[Result "0-1"]
[WhiteElo "1680"]
[BlackElo "1978"]
[PlyCount "66"]
[EventDate "1999.11.24"]
[EventType "swiss"]
[EventRounds "7"]
[EventCountry "GER"]
[SourceTitle "EXT 2023"]
[Source "ChessBase"]
[SourceDate "2022.10.05"]
[SourceVersion "1"]
[SourceVersionDate "2022.10.05"]
[SourceQuality "1"]

1. g3 Nf6 2. Bg2 e6 3. d3 d5 4. c3 Bd7 5. Nf3 Bd6 6. 0-0 0-0 7. Bg5 h6 8. Bd2 e5 9. Qc1 Kh7 10. Ne1 c6 11. Nc2 Na6 12. Re1 Rc8 13. e4 Nc5 14. Bf1 dxe4 15. dxe4 Ncxe4 16. Bd3 Bf5 17. Kg2 Nxg3 18. hxg3 Bxd3 19. Ne3 Ne4 20. f3 Nxd2 21. Qxd2 e4 22. f4 f5 23. Rh1 Bc5 24. Qe1 Qb6 25. Nd1 e3 26. Rh2 e2 27. Nf2 Bxf2 28. Qxf2 Qxb2 29. Nd2 Qxa1 30. Rh1 Qxa2 31. Qe1 Rcd8 32. Kh3 Ba6 33. Rh2 Rxd2 0-1